000 00575cam a22002053a 4500
001 41349
003 PGUSA
005 20140828083930.0
008 121111s2012||||xxu|||||s|||||000 | eng d
040 _aPGUSA
_beng
042 _adc
245 1 0 _aHistoric Towns of the Western States
_h[electronic resource] /
_cVarious
260 _bProject Gutenberg,
_c2012
506 _aPublic domain in the USA.
516 _aElectronic text
700 1 _aPowell, Lyman Pierson
830 0 _aProject Gutenberg
_v41349
856 4 0 _uhttp://www.gutenberg.org/ebooks/41349
942 _cEB
999 _c270601
_d270601